| 000 | 00934cam a2200217 4500 | ||
|---|---|---|---|
| 001 | WB3724-05 | ||
| 008 | 000000n2001 000 0 eng u | ||
| 035 | _a(Sirsi) u113222 | ||
| 245 | _aEngineering work slump | ||
| 260 | _c2001 | ||
| 490 |
_aContract Journal _v409(6332) 20 June 2001, 7(1) |
||
| 520 | _aThe Engineering Construction Industry Association has warned that engineering firms are experiencing a significant downturn in activity levels. The Association's Chief Executive has also warned that contractors continue to face considerable uncertainty regarding their obligations under the Transfer of Undertakings Protection of Employment (Tupe) regulations. | ||
| 590 | _aWB | ||
| 650 | _aENGINEERING CONSTRUCTION INDUSTRY ASSOCIATION | ||
| 650 | _aTRENDS | ||
| 650 | _aENGINEERING INDUSTRY | ||
| 650 | _aDOWNTURN | ||
| 650 | _aTUPE REGULATIONS | ||
| 690 | _aBUILDING AND CONSTRUCTION-ENGINEERING | ||
| 942 | _n0 | ||
| 999 |
_c67431 _d67431 |
||